Country by Historical Building (Picture Quiz) #1 - Statistics

General Stats
  • This quiz has been taken 21 times
  • The average score is 5 of 16
Answer Stats
Picture Answer % Correct
Guatemala
63%
Iraq
63%
Norway
56%
South Korea
44%
Italy
38%
Australia
31%
Ireland
31%
Morocco
31%
Peru
31%
Myanmar
25%
New Zealand
25%
France
19%
United States
19%
Colombia
13%
Haiti
6%
Ethiopia
0%
No matching quizzes found
Score Distribution
Percent of People with Each Score
Percentile by Number Answered
Your Score History
You have not taken this quiz